000 02855nam a2200337 i 4500
001 173630
003 ES-MaACL
005 20250929143019.0
007 t|
008 091217s18561857sp bf |||| | spa d
110 2 _aReal Academia de Ciencias Exactas, Físicas y Naturales de España.
_9175635
245 1 0 _aMemorias de la Real Academia de Ciencias
_g1856-1858.
260 _aMadrid :
_b[s.n.],
_c1856 (
_fAguado Imp.)
300 _av. ;
_c28 cm.
505 8 _aContiene: T. IV ;
_tMemoria geonóstico agrícola sobre la provincia de Pontevedra /
_rAntonio de Valenzuela y Ozores (114 p., 1 plano pleg.). --
_tLa estructura geológica del terreno de España /
_rJoaquín Ezquerra del Bayo (p. 115-155, 1 mapa pleg.). --
_tEl mecanismo de la generación en los animales /
_rNicolás Casas Mendoza (p. 157-210). --
_tSuelo, clima, cultivo agrario y foresta de la provincia de Vizcaya /
_rLucas de Olazabal (p. 213-327, 2 map. pleg.). --
_tNecesidad de una descripción completa de la cordillera de Sierra Morena /
_rFelipe Naranjo de Garza (p. 329-338). Contestación /
_rAntonio Remón Zarco del Valle (p. 331- 350). --
_tDescripción general de la estructura geológica del terreno de España /
_rJoaquín Ezquerra del Bayo (p. 351-399). --
_tCatálogo de las aves de la Albufera /
_rIgnacio Vidal (p. 401-429). --
_tImportancia del estudio de las matemáticas y su enlace íntimo con el de las ciencias físicas y naturales /
_rManuel Fernández de los Senderos (p. 431-444). Contestación /
_rAntonio Remón Zarco del Valle y Huet (p. 445-457). --
_tRamilletes de plantas españolas /
_rMariano de la Paz Graells (p. 459-493, 8 lám. col.). --
_tSuplemento a la flora de Filipinas /
_rAntonio Llanos (p. 495-509, 1 lám. pleg.). --
_tCatálogo metódico de las aves observadas en la provincia de Murcia /
_rÁngel Guirao (p. 511-560, 2 lám. col.). --
_tErpetologia hispalensis seu catalogus metodicus reptilium et amphibiorum /
_rAntonio A. Machado (p. 561-573). --
_tMemoria geognóstico agrícola sobre la provincia de Castellón /
_rJuan Vilanova y Piera (p. 575-800, 6 lám.)
700 1 _aRemón Zarco del Valle, Antonio,
_d1789-1866
_9131690
700 1 _aValenzuela y Ozores, Antonio de.
_9141836
700 1 _aEzquerra del Bayo, Joaquín,
_d1793-1859
_948476
700 1 _aCasas de Mendoza, Nicolás.
_9126372
700 1 _aOlazábal, Lucas de,
_d1829-1899
_9130605
700 1 _aNaranjo y Garza, Felipe,
_d1809-1877
_9141837
700 1 _aFernández de los Senderos, Manuel.
_949685
700 1 _aVidal, Ignacio.
_9114432
700 1 _aGraells, Mariano de la Paz,
_d1809-1898
_9127520
700 1 _aLlanos, Antonio.
_972707
700 1 _aGuirao, Ángel.
_9141838
700 1 _aMachado, Antonio A.
_9141839
700 1 _aVilanova y Piera, Juan,
_d1821-1893
_9114785
852 _aES-MaACL
_jK-219
999 _c173630
_d173630